Puss in Boots: The Last Wish (2022): Characters by Picture - Statistics

General Stats
  • This quiz has been taken 37 times
  • The average score is 11 of 16
Answer Stats
Picture Answer % Correct
Puss in Boots
100%
Death
94%
Kitty Softpaws
91%
Donkey
86%
Shrek
86%
"Big" Jack Horner
80%
Pinocchio
80%
Goldilocks
77%
Mama Bear
74%
Papa Bear
74%
Baby Bear
66%
Gingerbread Man
66%
Perrito
63%
Talking Cricket
51%
Mama Luna
29%
Serpent Sisters
23%
No matching quizzes found
Score Distribution
Percent of People with Each Score
Percentile by Number Answered
Your Score History
You have not taken this quiz